000 00503nam a22001697a 4500
005 20170503115549.0
010 _aENG-118020
020 _a9789380208169
_c750.00
037 _bDBAD/PUB
082 _a954
100 _aKhangarani, Sukhram
245 _aMagnificent monuments of india /
_cby khangarani sukhram
260 _aKartar Nagar
_bRahi Prakashan
_c2015
270 _aL-45, Gali No-5 Kartar Nagar, Delhi-110053
300 _a240p
_c22cm.[Hb]
942 _2ddc
_cEN
_h954
_mKHA
999 _c139457
_d139457